000 01095nam a22003737a 4500
001 0013968
003 KOHA_MİRAKIL
005 20260207001938.0
007 ta
008 100223b2004 tu |||gr||||#0|||0|tur |
020 _a9758538209
040 _aTR-BiSEU
_btur
_cTR-BiSEU
_erda
041 0 _atur
044 _ctu
050 _aDR592
_b.B67 2004
100 1 _aBorak, Sadi .
245 1 _aAtatürk ve Edebiyat/
_cSadi Borak ; Sadi Borak.
264 1 _aİstanbul :
_bKırmızı Beyaz
_c2004
300 _a168 sayfa; 21 cm.
336 _ametin
_btxt
_2rdacontent
337 _aaracısız
_bn
_2rdamedia
338 _acilt
_bnc
_2rdacarrier
490 1 _aKırmızı Beyaz ;
_v04.
490 1 _aSadi Borak Bütün Eserleri ;
_v04.
490 1 _aAraştırma ve İnceleme;04.
650 0 _aAtatürk, Mustafa Kemal.
_914965
650 0 _aTarih.
_91474
650 0 _aHistory .
_914353
830 1 _aKırmızı Beyaz ;
_v04.
_926794
830 1 _aSadi Borak Bütün Eserleri ;
_v04.
_930772
830 1 _aAraştırma ve İnceleme;04.
_932713
907 _aTarih
942 _2lcc
_cBK
999 _c13931
_d13931